00350nam a2200145Ia 4500008004100000041000800041082001400049100001800063245002900081260003600110300000800146365000800154500001500162700002700177230612s9999 xx 000 0 und d aeng a621.3 STI aStigant S. A. aJ And P Transformer Book c1937bJohnson And Phillips Ltd. a914 cRs. aW. 2003-04 aStigant S. A. & Others